000 00483nam a2200193Ia 4500
003 OSt
005 20231030152349.0
008 210210b1987 xxu||||| |||| 00| 0 eng d
040 _cAL
041 _aEnglish
082 _a070.43 SHRN
100 _aSHRIVASTAVA (K M).
_9140031
245 _aNews reporting and editing.
260 _aNew Delhi.
_bSterling Publishers Pvt Ltd.,
_c1987
300 _aviii,256
690 _aJournalism
_9140032
906 _a057455
942 _2ddc
_cBK
999 _c104745
_d104745